| 000 | 01290nam a22002657a 4500 | ||
|---|---|---|---|
| 005 | 20120112143825.0 | ||
| 008 | 120112t xxu||||| |||| 00| 0 mar d | ||
| 010 | _aMAR-21869 | ||
| 020 |
_c350.00 _a9788184980912 |
||
| 035 | _aMR-14527 | ||
| 037 | _bDBAD/PUB | ||
| 040 |
_aDPL _bMR |
||
| 082 | _a823 | ||
| 100 |
_aमार्टिनी,स्टीव्ह _939079 |
||
| 245 |
_aद अँटर्नी / _cस्टीव्ह मार्टिनी ; अजित ठाकूर द्वारा अनुवादित |
||
| 246 |
_aThe Attorney _bby Steve Martin |
||
| 260 |
_aपुणे _bमेहता पब्लिशिंग हाऊस _c2010 |
||
| 270 |
_a1941,सदाशिव पेठ, _bपुणे _e411030 |
||
| 300 |
_a364पृ. _c21सेमी(अजिल्द) |
||
| 650 |
_aअंग्रेजी कादंबरी _939704 _xमराठी भाषा में अनुवादित |
||
| 650 |
_aEnglish Fiction _939705 _xTranslated into Marathi |
||
| 700 |
_aठाकूर,अजित _939716 |
||
| 942 |
_2ddc _cMR _mमार्टिनी _h823 |
||
| 999 |
_c61212 _d61212 |
||